| 000 | 00474 a2200169 4500 | ||
|---|---|---|---|
| 005 | 20250520110323.0 | ||
| 020 | _a0-256-13687-4 | ||
| 082 | _a658.5 STO | ||
| 100 | _aSTOCK, J. R. | ||
| 245 | _aStrategic Logistics Management. | ||
| 250 | _a4th Ed | ||
| 260 |
_aNew York, _bMcGraw-Hill. _c2001. |
||
| 300 |
_axxv, 872p.: ill.; figure, table _bIndex _c26cm. |
||
| 700 | _aLUMBERT, D. M. | ||
| 856 |
_yAccess Online Book _fLogistics Management _dwww.mhhe.com |
||
| 942 |
_2ddc _cBKS |
||
| 999 |
_c2480 _d2480 |
||